[Event "Saarlouis op 3rd"]
[Site "Saarlouis"]
[Date "2000.06.01"]
[Round "7"]
[White "Huber, Stefan"]
[Black "Hermann, Armin"]
[Result "1/2-1/2"]
[WhiteElo "2144"]
[BlackElo "2326"]
[PlyCount "104"]
[EventDate "2000.05.27"]
[EventType "swiss"]
[EventRounds "9"]
[EventCountry "GER"]
[SourceTitle "EXT 2006"]
[Source "ChessBase"]
[SourceDate "2005.11.24"]
[SourceVersion "1"]
[SourceVersionDate "2005.11.24"]
[SourceQuality "1"]

1. e4 c6 2. d4 d5 3. e5 Bf5 4. c3 e6 5. Be3 Nd7 6. Nd2 Qb6 7. Qb3 h5 8. f4 Be7 9. Ngf3 Qxb3 10. axb3 a6 11. Be2 Bg6 12. Bf2 c5 13. dxc5 Bxc5 14. Bxc5 Nxc5 15. 0-0 Bd3 16. Bxd3 Nxd3 17. Nd4 Nh6 18. Rf3 Nc5 19. b4 Nd7 20. Nb5 Ke7 21. Nd6 b5 22. Nb3 f6 23. Re1 fxe5 24. fxe5 Rhf8 25. Nd4 Rxf3 26. Nc6+ Kf8 27. gxf3 Nf7 28. Nd4 Nfxe5 29. f4 Nd3 30. Rxe6 Nxf4 31. Re3 Nf6 32. Rf3 Ng6 33. Ne6+ Ke7 34. Nxg7 Ng4 35. Ndf5+ Kd7 36. Nxh5 N6e5 37. Rg3 Rh8 38. Nfg7 Kd6 39. h3 Nh6 40. Re3 Rf8 41. Kg2 Nf5 42. Nxf5+ Rxf5 43. Ng3 Rf7 44. Re2 Nd3 45. Rd2 Nf4+ 46. Kh2 Rh7 47. Ne4+ Ke5 48. Nf2 Kf5 49. Kg3 Nh5+ 50. Kf3 Nf4 51. Kg3 Nh5+ 52. Kf3 Nf4 1/2-1/2

[Event "Saarlouis op 3rd"]
[Site "Saarlouis"]
[Date "2000.05.29"]
[Round "4"]
[White "Huber, Stefan"]
[Black "Farago, Ivan"]
[Result "0-1"]
[WhiteElo "2144"]
[BlackElo "2478"]
[PlyCount "66"]
[EventDate "2000.05.27"]
[EventType "swiss"]
[EventRounds "9"]
[EventCountry "GER"]
[SourceTitle "EXT 2006"]
[Source "ChessBase"]
[SourceDate "2005.11.24"]
[SourceVersion "1"]
[SourceVersionDate "2005.11.24"]
[SourceQuality "1"]

1. e4 c5 2. Nf3 e6 3. d4 cxd4 4. Nxd4 a6 5. Bd3 Nf6 6. 0-0 Qc7 7. c4 d6 8. Nc3 g6 9. Be3 Bg7 10. Rc1 0-0 11. Qe2 b6 12. b4 Bb7 13. f3 Nbd7 14. Qf2 Ne5 15. Be2 Nxc4 16. Bxc4 Qxc4 17. Nd5 exd5 18. Rxc4 dxc4 19. Rd1 b5 20. Ne2 Rad8 21. Bg5 h6 22. Bh4 g5 23. Bg3 d5 24. Qb6 Rd7 25. Bc7 Bc8 26. e5 Ne8 27. Bd6 Nxd6 28. exd6 Bb7 29. Nd4 Bxd4+ 30. Rxd4 Re8 31. h4 Rc8 32. Qa7 c3 33. Rd1 d4 0-1

[Event "Bad Woerishofen op 16th"]
[Site "Bad Woerishofen"]
[Date "2000.03.19"]
[Round "3"]
[White "Popp, Michael"]
[Black "Huber, Stefan"]
[Result "1-0"]
[WhiteElo "1885"]
[BlackElo "2144"]
[PlyCount "87"]
[EventDate "2000.03.??"]
[EventType "swiss"]
[EventRounds "9"]
[EventCountry "GER"]
[SourceTitle "CBM 075 Extra"]
[Source "ChessBase"]
[SourceDate "2000.05.11"]
[SourceVersion "2"]
[SourceVersionDate "2000.05.11"]
[SourceQuality "1"]

1. Nf3 Nf6 2. c4 g6 3. Nc3 d5 4. cxd5 Nxd5 5. e4 Nxc3 6. dxc3 Qxd1+ 7. Kxd1 f6 8. Be3 Nc6 9. Kc2 Bd7 10. Rd1 e5 11. Rd2 Bd6 12. Ne1 0-0-0 13. Nd3 Be6 14. b3 f5 15. f3 Rhf8 16. Be2 h5 17. Rhd1 Bg8 18. Bg5 Rde8 19. Be3 f4 20. Bf2 g5 21. h3 Bh7 22. Nc5 Re7 23. Kb2 Nb8 24. Bc4 Bg8 25. Bd5 Bxd5 26. exd5 b6 27. Ne4 Rg7 28. b4 Nd7 29. Kb3 g4 30. c4 gxf3 31. gxf3 Nf6 32. c5 Nxe4 33. fxe4 bxc5 34. bxc5 Be7 35. Kc4 Rg2 36. c6 a6 37. Rb1 Rxf2 38. Rxf2 Bh4 39. Rf3 Kd8 40. Rg1 Rf6 41. Rg7 Rh6 42. Rb3 Kc8 43. Rg8+ Bd8 44. Ra3 1-0

[Event "Bayern-chI Bank Hofmann 3rd"]
[Site "Bad Wiessee"]
[Date "1999.10.29"]
[Round "7"]
[White "Huber, Stefan"]
[Black "Kummerow, Heiko"]
[Result "0-1"]
[WhiteElo "2176"]
[BlackElo "2319"]
[PlyCount "56"]
[EventDate "1999.10.23"]
[EventType "swiss"]
[EventRounds "9"]
[EventCountry "GER"]
[SourceTitle "EXT 2001"]
[Source "ChessBase"]
[SourceDate "2000.11.22"]
[SourceVersion "1"]
[SourceVersionDate "2000.11.22"]
[SourceQuality "1"]

1. e4 c5 2. Nf3 e6 3. b3 a6 4. g3 Nc6 5. Bg2 d6 6. 0-0 e5 7. c3 g6 8. d4 exd4 9. cxd4 Bg7 10. Be3 Bg4 11. Nbd2 Nxd4 12. Rc1 Ne7 13. b4 cxb4 14. h3 Nxf3+ 15. Nxf3 Bxf3 16. Bxf3 0-0 17. Qb3 Nc6 18. Rfd1 Qf6 19. Bb6 a5 20. Kg2 a4 21. Qb1 b3 22. axb3 a3 23. Qa2 Nb4 24. Qd2 Nc6 25. Rc2 Qe6 26. Rb1 Ra6 27. Bc7 Qd7 28. b4 a2 0-1

[Event "Passau op 7th"]
[Site "Passau"]
[Date "1999.04.04"]
[Round "6"]
[White "Huber, Stefan"]
[Black "Aldag, Thomas"]
[Result "1-0"]
[WhiteElo "2176"]
[BlackElo "1932"]
[PlyCount "55"]
[EventDate "1999.04.02"]
[EventType "swiss"]
[EventRounds "7"]
[EventCountry "GER"]
[SourceTitle "EXT 2000"]
[Source "ChessBase"]
[SourceDate "1999.11.16"]
[SourceVersion "1"]
[SourceVersionDate "1999.11.16"]
[SourceQuality "1"]

1. e4 c5 2. Nf3 e6 3. d3 Nc6 4. g3 g6 5. Bg2 Bg7 6. c3 Nge7 7. Be3 b6 8. d4 cxd4 9. Nxd4 0-0 10. 0-0 Ba6 11. Re1 Ne5 12. Na3 h5 13. f4 Nc4 14. Nxc4 Bxc4 15. Qa4 d5 16. Rad1 Qe8 17. Qa3 dxe4 18. Bxe4 Bd5 19. Bxd5 Nxd5 20. Bf2 Qc8 21. Re2 Rd8 22. Red2 Qc4 23. Qb3 Rac8 24. Qxc4 Rxc4 25. Nb5 Ra8 26. b3 Rc6 27. c4 Nf6 28. Rd8+ 1-0

[Event "Passau op 7th"]
[Site "Passau"]
[Date "1999.04.03"]
[Round "4"]
[White "Huber, Stefan"]
[Black "Lange, Detlef"]
[Result "1-0"]
[WhiteElo "2176"]
[BlackElo "1770"]
[PlyCount "59"]
[EventDate "1999.04.02"]
[EventType "swiss"]
[EventRounds "7"]
[EventCountry "GER"]
[SourceTitle "EXT 2000"]
[Source "ChessBase"]
[SourceDate "1999.11.16"]
[SourceVersion "1"]
[SourceVersionDate "1999.11.16"]
[SourceQuality "1"]

1. e4 c5 2. Nf3 d6 3. d4 cxd4 4. Qxd4 Nc6 5. Bb5 Bd7 6. Bxc6 Bxc6 7. c4 Nf6 8. Nc3 g6 9. 0-0 Bg7 10. Qd3 0-0 11. Nd4 Qc7 12. Be3 Ng4 13. Nxc6 Nxe3 14. Nxe7+ Qxe7 15. Qxe3 Rfe8 16. Rfe1 Rac8 17. Rac1 Qh4 18. g3 Qh3 19. Qd3 Re5 20. Nd5 Rce8 21. Nf4 Qg4 22. Rc2 Bh6 23. f3 Qc8 24. Nd5 Qc5+ 25. Kg2 Bg7 26. b4 Qc8 27. Rd1 Rh5 28. Nf4 Rh6 29. c5 g5 30. cxd6 1-0